[Event "29th Czech Open A 2018"]
[Site "Pardubice CZE"]
[Date "2018.07.26"]
[Round "7.66"]
[White "Popov, Mikhail"]
[Black "Bracker, Arne"]
[Result "1-0"]
[WhiteTitle "FM"]
[WhiteElo "2404"]
[BlackElo "2224"]
[WhiteFideId "4146182"]
[BlackFideId "24618160"]
[EventDate "2018.07.20"]

1. d4 Nf6 2. Bg5 e6 3. e4 h6 4. Bxf6 Qxf6 5. c3 d6 6. Bc4 e5 7. Ne2 g5 8. Nd2
Nc6 9. Nf1 exd4 10. cxd4 Bg7 11. Ne3 O-O 12. Nd5 Qd8 13. O-O Ne7 14. f4 Nxd5 15.
Bxd5 c6 16. Bb3 Bg4 17. Kh1 Qe7 18. Qd3 Bxe2 19. Qxe2 Bxd4 20. Rad1 c5 21. Rd3
Kg7 22. Rh3 f6 23. Bc2 Rae8 24. e5 f5 25. Qh5 Rh8 26. Bxf5 Qf7 27. Qg4 dxe5 28.
fxg5 h5 29. Qe4 Re7 30. Rhf3 Qe8 31. Qd5 Qc6 32. Qxc6 bxc6 33. Be4 Rhe8 34. b3
a5 35. Rf6 Re6 36. Rf7+ Kg8 37. g3 R8e7 38. Rf8+ Kg7 39. Kg2 Ra7 40. h4 c4 41.
bxc4 Bc5 42. R8f6 Rxf6 43. gxf6+ Kf7 44. Bxc6 Ra6 45. Bd5+ Kg6 46. f7 Rf6 47.
Bf3 Kh6 48. Bd5 Rxf1 49. Kxf1 Kg6 50. Ke2 Kf5 51. Bf3 Kg6 52. Kd3 Kxf7 53. Bxh5+
Ke7 54. Bg6 Bf2 55. h5 Bxg3 56. h6 Kf6 57. h7 Kg7 1-0

[Event "29th Czech Open A 2018"]
[Site "Pardubice CZE"]
[Date "2018.07.26"]
[Round "7.67"]
[White "Tsvetkov, Andrey"]
[Black "Biriukov, Nikolai"]
[Result "0-1"]
[WhiteTitle "CM"]
[BlackTitle "IM"]
[WhiteElo "2259"]
[BlackElo "2398"]
[WhiteFideId "34139360"]
[BlackFideId "14103842"]
[EventDate "2018.07.20"]

1. d4 Nf6 2. c4 g6 3. Nc3 Bg7 4. e4 d6 5. Be2 O-O 6. Be3 a6 7. Nf3 c5 8. O-O
cxd4 9. Nxd4 Nc6 10. f3 Nxd4 11. Bxd4 Be6 12. Qd2 Nd7 13. b3 Bxd4+ 14. Qxd4 Qa5
15. f4 f6 16. Nd5 Bxd5 17. exd5 Qc5 18. Rad1 f5 19. Rfe1 a5 20. Qxc5 Nxc5 21.
Bf1 Rf7 22. Re3 Ra6 23. a3 Ra8 24. Rb1 Kg7 25. b4 axb4 26. axb4 Ne4 27. Ree1 Ra3
28. Ra1 Rb3 29. Reb1 Rc3 30. Rc1 Rb3 31. Rab1 Ra3 32. c5 Nc3 33. Ra1 Rxa1 34.
Rxa1 dxc5 35. bxc5 Nxd5 36. Bc4 e6 37. Bxd5 exd5 38. Rd1 Rd7 39. Kf2 d4 40. Ke2
Kf6 41. Kd3 Ke6 42. Kc4 d3 43. Rd2 Rd5 44. g3 h6 45. h3 h5 46. h4 Rd8 47. Kc3
Rd7 48. Kc4 Rd5 49. Kb3 Rd4 50. Kc3 Kd5 0-1

[Event "29th Czech Open A 2018"]
[Site "Pardubice CZE"]
[Date "2018.07.26"]
[Round "7.68"]
[White "Humburg, Philipp"]
[Black "Chekletsov, Ilya"]
[Result "1-0"]
[BlackTitle "IM"]
[WhiteElo "2225"]
[BlackElo "2395"]
[WhiteFideId "24656151"]
[BlackFideId "24177156"]
[EventDate "2018.07.20"]

1. c4 e6 2. g3 Nf6 3. Bg2 c5 4. Nf3 Be7 5. O-O O-O 6. d4 cxd4 7. Nxd4 a6 8. b3
Nc6 9. Bb2 Qc7 10. Nc3 b6 11. Rc1 Bc5 12. Nxc6 dxc6 13. Na4 Be7 14. c5 b5 15.
Nb6 Rb8 16. Qd4 Bb7 17. b4 Rbd8 18. Qc3 Rfe8 19. e4 Bf8 20. f4 Nd7 21. Nxd7 Rxd7
22. Rcd1 Red8 23. Bf3 Rxd1 24. Rxd1 Bc8 25. Rxd8 Qxd8 26. e5 Bb7 27. Kf2 g6 28.
Ke2 h5 29. Be4 Bg7 30. a3 Qd7 31. h3 Qd8 32. Qf3 Qd7 33. g4 hxg4 34. Qxg4 Qd8
35. h4 a5 36. h5 gxh5 37. Qxh5 a4 38. Bc3 Kf8 39. Ke3 Ba8 40. Be1 f5 41. Bf3 Qe8
42. Qh7 Qf7 43. Bh4 Qc7 44. Bf6 Bb7 45. Bh5 Qd7 46. Qg6 Kg8 47. Bxg7 Qxg7 48.
Qxe6+ Kh8 49. Qe8+ Kh7 50. Qf7 Qxf7 51. Bxf7 Kg7 52. Be6 Kg6 53. Bd7 Ba8 54. Bc8 1-0

[Event "29th Czech Open A 2018"]
[Site "Pardubice CZE"]
[Date "2018.07.26"]
[Round "7.69"]
[White "Muhseen, Abdullah Mohammed"]
[Black "Yelisieiev, Yevhenii"]
[Result "0-1"]
[WhiteTitle "CM"]
[BlackTitle "FM"]
[WhiteElo "2222"]
[BlackElo "2379"]
[WhiteFideId "4801695"]
[BlackFideId "14139642"]
[EventDate "2018.07.20"]

1. d4 d5 2. Nf3 Nf6 3. c4 e6 4. Nc3 Bb4 5. cxd5 exd5 6. Bg5 Qd6 7. Bxf6 Qxf6 8.
Qa4+ Nc6 9. Ne5 O-O 10. Nxc6 Bxc3+ 11. bxc3 Bd7 12. e3 Bxc6 13. Bb5 Be8 14. Bxe8
Rfxe8 15. O-O Qe6 16. c4 dxc4 17. Rfc1 c6 18. Qxc4 Qe4 19. Rab1 Re7 20. a4 Rd8
21. Qc2 Qxc2 22. Rxc2 Rd5 23. g3 Kf8 24. Rcb2 b6 25. Rc1 Re6 26. Rbc2 Ra5 27.
Rc4 g5 28. h3 Ke7 29. R1c3 Kd7 30. Kf1 f5 31. g4 Rf6 32. Kg2 Kc7 33. f3 Kb7 34.
gxf5 Raxf5 35. e4 Rf4 36. a5 h5 37. axb6 axb6 38. d5 c5 39. Kg3 Rd6 40. Rb3 Rxd5
41. Rc2 Re5 42. Rd2 h4+ 43. Kg2 c4 44. Ra3 Rf7 45. Rda2 Kc6 46. Ra8 Rc5 47. Kf2
c3 48. Ra1 c2 49. Rc1 Rc3 50. Ke2 Kb7 51. Rg8 Rc5 52. Rd8 b5 53. Kd2 Rxf3 54. e5
Rxe5 55. Rxc2 Rf2+ 56. Kd3 Rxc2 57. Kxc2 Kc6 58. Rc8+ Kd7 59. Rf8 Rd5 60. Rf6
Ke7 61. Rb6 Kf7 62. Kc3 Kg7 63. Re6 Rf5 64. Kd4 Rf3 65. Re5 Kg6 66. Rxb5 Rxh3
67. Ke4 Kh5 68. Rb8 Kg4 69. Ke5 Rf3 70. Ke4 Kg3 71. Rb1 Rf4+ 72. Ke3 h3 73. Rg1+
Kh4 74. Rh1 Rf8 0-1

[Event "29th Czech Open A 2018"]
[Site "Pardubice CZE"]
[Date "2018.07.26"]
[Round "7.70"]
[White "Kearns, Christopher"]
[Black "Hoefelsauer, Thomas"]
[Result "1/2-1/2"]
[BlackTitle "FM"]
[WhiteElo "2221"]
[BlackElo "2361"]
[WhiteFideId "24642118"]
[BlackFideId "24668842"]
[EventDate "2018.07.20"]

1. e4 c6 2. d4 d5 3. Nc3 dxe4 4. Nxe4 Bf5 5. Ng3 Bg6 6. h4 h6 7. Nh3 Nf6 8. Nf4
Bh7 9. Bc4 Nbd7 10. Ngh5 e6 11. Qe2 Nxh5 12. Nxh5 Nf6 13. Nxf6+ Qxf6 14. c3 Bd6
15. d5 cxd5 16. Bxd5 O-O 17. Bxb7 Rab8 18. Be4 Bxe4 19. Qxe4 Rb5 20. O-O Re5 21.
Qg4 Rb8 22. Be3 h5 23. Qh3 Re4 24. Bg5 Qe5 25. b3 Rc8 26. Bd2 Qf6 27. Bg5 Qe5
28. Bd2 Qf6 1/2-1/2

[Event "29th Czech Open A 2018"]
[Site "Pardubice CZE"]
[Date "2018.07.26"]
[Round "7.71"]
[White "Cerveny, Martin"]
[Black "Balasubramaniam, H"]
[Result "1/2-1/2"]
[WhiteTitle "IM"]
[WhiteElo "2359"]
[BlackElo "2219"]
[WhiteFideId "321141"]
[BlackFideId "35053248"]
[EventDate "2018.07.20"]

1. c4 e5 2. g3 Nc6 3. Bg2 g6 4. e3 Bg7 5. Ne2 Nge7 6. Nbc3 O-O 7. d4 exd4 8.
exd4 d6 9. h3 Nf5 10. d5 Na5 11. Qd3 c5 12. O-O a6 13. b3 b5 14. Bd2 Nd4 15.
Rae1 Bf5 16. Ne4 bxc4 17. bxc4 Re8 18. N2c3 h5 19. h4 Rb8 20. Bg5 Qc7 21. f3
Bxe4 22. Nxe4 f5 23. Nf6+ Bxf6 24. Bxf6 Kf7 25. Bxd4 cxd4 26. g4 Qxc4 27. Qd2
Qc3 28. Qf2 Rxe1 29. Rxe1 Re8 30. Rxe8 Kxe8 31. gxh5 gxh5 32. Qe2+ Kd8 33. Bf1
f4 34. Qxa6 Qe3+ 35. Kg2 Qd2+ 36. Qe2 Qe3 37. Qxe3 dxe3 38. Bd3 Ke7 39. Bg6 Kf6
40. Bxh5 Ke5 41. Bg6 Kxd5 42. h5 Ke5 43. h6 Kf6 44. h7 Kg7 45. Kf1 Nc6 46. a4 d5
47. Bd3 d4 48. Ke2 Na5 49. Kd1 Nc6 50. Be4 Na5 51. Kc2 Kh8 52. Bd3 Nc6 53. Kd1
Kg7 54. Ke2 Na5 55. Bb5 Kxh7 56. Kd3 Kg6 57. Kxd4 Kg5 58. Ke4 Nb3 59. Ke5 Na5
60. Be2 Nb3 61. Bd1 Na5 62. Ke4 Nb7 63. Kd5 Kh4 64. Kc6 Na5+ 65. Kb5 Nb3 66. Kb4
Nd4 67. Kc4 Nc6 68. Kc5 1/2-1/2

[Event "29th Czech Open A 2018"]
[Site "Pardubice CZE"]
[Date "2018.07.26"]
[Round "7.73"]
[White "Kula, Dominik"]
[Black "Flick, Antoine"]
[Result "0-1"]
[BlackTitle "FM"]
[WhiteElo "2215"]
[BlackElo "2348"]
[WhiteFideId "344338"]
[BlackFideId "26025736"]
[EventDate "2018.07.20"]

1. e4 c5 2. Nf3 Nc6 3. d4 cxd4 4. Nxd4 e5 5. Nb5 d6 6. N1c3 a6 7. Na3 b5 8. Nd5
Nce7 9. c4 Nxd5 10. exd5 bxc4 11. Nxc4 Nf6 12. Be2 Be7 13. Be3 Rb8 14. Qa4+ Bd7
15. Qxa6 Nxd5 16. Nxd6+ Kf8 17. O-O Nb4 18. Nxf7 Kxf7 19. Qc4+ Be6 20. Qc3 Bf6
21. Rfd1 Qc8 22. Bc5 Nd5 23. Qa5 Qc7 24. Qxc7+ Nxc7 25. b4 Nd5 26. Rac1 e4 27.
Bc4 Rhd8 28. Bxd5 Bxd5 29. a4 Bb3 30. Rxd8 Rxd8 31. a5 Rd1+ 32. Rxd1 Bxd1 33. b5
Be2 34. b6 Ba6 0-1

[Event "29th Czech Open A 2018"]
[Site "Pardubice CZE"]
[Date "2018.07.26"]
[Round "7.74"]
[White "Furman, Boris"]
[Black "Krykun, Yuriy"]
[Result "1/2-1/2"]
[WhiteTitle "FM"]
[BlackTitle "FM"]
[WhiteElo "2214"]
[BlackElo "2345"]
[WhiteFideId "4107187"]
[BlackFideId "14140667"]
[EventDate "2018.07.20"]

1. d4 Nf6 2. c4 g6 3. Nc3 Bg7 4. Nf3 d5 5. cxd5 Nxd5 6. e4 Nxc3 7. bxc3 c5 8.
Be3 Qa5 9. Qd2 O-O 10. Rc1 Rd8 11. d5 e6 12. c4 Qxd2+ 13. Nxd2 b6 14. Bd3 exd5
15. exd5 Nd7 16. Nf3 Nf6 17. h3 Ba6 18. Rd1 Ne8 19. O-O Nd6 20. Nd2 Re8 21. Rfe1
Bc3 22. Bf4 Rxe1+ 23. Rxe1 Bxd2 24. Bxd2 Bxc4 25. Bxc4 Nxc4 26. Bg5 f6 27. Bxf6
Kf7 28. Bg5 Re8 29. Kf1 Nd6 30. Rd1 Ne4 31. h4 Nxg5 32. hxg5 Re4 33. Rd3 Re7 34.
f4 Ke8 35. Kf2 Kd7 36. g4 Kd6 37. Kf3 c4 38. Rd1 b5 39. f5 a5 40. f6 Rc7 41. Ke4
c3 42. Kd3 Kxd5 43. Kc2+ Ke6 44. Re1+ Kf7 45. Re5 b4 46. Rxa5 Rd7 47. Kb3 Rc7
48. Kc2 Rd7 49. Kb3 Rc7 50. Kc2 1/2-1/2

[Event "29th Czech Open A 2018"]
[Site "Pardubice CZE"]
[Date "2018.07.26"]
[Round "7.75"]
[White "Kulkarni, Chinmay"]
[Black "Volotovsky, Kirill"]
[Result "0-1"]
[WhiteElo "2336"]
[BlackElo "2214"]
[WhiteFideId "5023513"]
[BlackFideId "14151634"]
[EventDate "2018.07.20"]

1. e4 e5 2. Nf3 Nc6 3. Bb5 a6 4. Ba4 Nf6 5. Nc3 b5 6. Bb3 Be7 7. d3 O-O 8. O-O
Bb7 9. a4 Nd4 10. Nxd4 exd4 11. Ne2 c5 12. Nf4 Qc7 13. Re1 Bd6 14. Qf3 Be5 15.
Bd2 c4 16. Ba2 d5 17. exd5 Rad8 18. axb5 axb5 19. dxc4 bxc4 20. Ba5 Qxa5 21.
Rxe5 Rfe8 22. Rxe8+ Rxe8 23. h3 Nxd5 24. Nxd5 Bxd5 25. Qf5 Qa8 26. Kh2 Qb8+ 27.
f4 Be6 28. Qe5 Qxe5 29. fxe5 Ra8 30. Kg3 c3 31. bxc3 dxc3 32. Bxe6 Rxa1 33. Bb3
Rb1 34. Bc4 Rb4 35. Bd3 Rd4 0-1

[Event "29th Czech Open A 2018"]
[Site "Pardubice CZE"]
[Date "2018.07.26"]
[Round "7.76"]
[White "Chovan, Milan"]
[Black "Fieberg, Samuel"]
[Result "1-0"]
[WhiteTitle "FM"]
[BlackTitle "FM"]
[WhiteElo "2331"]
[BlackElo "2211"]
[WhiteFideId "14933691"]
[BlackFideId "12901717"]
[EventDate "2018.07.20"]

1. d4 g6 2. c4 c6 3. Nc3 d5 4. Bf4 Bg7 5. e3 Nf6 6. Nf3 O-O 7. Rc1 Nh5 8. Be5 f6
9. Bxb8 Rxb8 10. cxd5 cxd5 11. Nxd5 Kh8 12. Nc3 f5 13. Be2 Nf6 14. Qb3 e6 15.
O-O a6 16. Bxa6 Nd5 17. Bc4 Nxc3 18. Rxc3 Qd6 19. Bb5 f4 20. Rd1 fxe3 21. Rxe3
Rxf3 22. Rxf3 Bxd4 23. Qa3 Qxa3 24. bxa3 e5 25. Rf8+ Kg7 26. Re8 Ra8 27. Bd7
Bxd7 28. Rxa8 1-0

[Event "29th Czech Open A 2018"]
[Site "Pardubice CZE"]
[Date "2018.07.26"]
[Round "7.77"]
[White "Suta, Andraz"]
[Black "Gheng, Josef"]
[Result "0-1"]
[BlackTitle "FM"]
[WhiteElo "2197"]
[BlackElo "2328"]
[WhiteFideId "14613190"]
[BlackFideId "4618041"]
[EventDate "2018.07.20"]

1. e4 c5 2. Nf3 a6 3. c3 d6 4. d4 Nd7 5. Bd3 e6 6. O-O Ne7 7. Re1 h6 8. Nbd2
cxd4 9. cxd4 d5 10. a3 Nf6 11. e5 Nd7 12. Nf1 Nb8 13. Ng3 Nbc6 14. b4 Nf5 15. b5
axb5 16. Nxf5 exf5 17. e6 fxe6 18. Bxf5 Qf6 19. Qd3 Bd6 20. Bg6+ Kd8 21. Rb1 Rf8
22. Re2 b4 23. Bh5 bxa3 24. Qb5 Ra6 25. Bg4 Nxd4 26. Nxd4 Qxd4 27. Be3 Qxg4 28.
Bb6+ Ke7 29. Rbe1 a2 30. f3 Qc4 31. Qb2 Rxb6 32. Qxb6 Bc5+ 33. Qxc5+ Qxc5+ 34.
Kh1 Qb4 35. Rxa2 Qxe1# 0-1

[Event "29th Czech Open A 2018"]
[Site "Pardubice CZE"]
[Date "2018.07.26"]
[Round "7.78"]
[White "Kathmale, Sameer"]
[Black "Sbarra, Marco"]
[Result "1/2-1/2"]
[WhiteTitle "IM"]
[BlackTitle "FM"]
[WhiteElo "2323"]
[BlackElo "2205"]
[WhiteFideId "5024498"]
[BlackFideId "804401"]
[EventDate "2018.07.20"]

1. e4 e5 2. Nf3 Nc6 3. Bb5 a6 4. Ba4 Nf6 5. Nc3 b5 6. Bb3 Bc5 7. d3 d6 8. Nd5 h6
9. c3 O-O 10. O-O Bb7 11. d4 Ba7 12. dxe5 Nxe5 13. Nxe5 dxe5 14. Qf3 Nxd5 15.
exd5 Bc5 16. Re1 Qd6 17. Be3 Bxe3 18. Qxe3 Rae8 19. Rad1 f5 20. f4 e4 21. g3 Kh8
22. a4 Bc8 23. axb5 axb5 24. Ra1 Bd7 25. Ra7 Ra8 26. Rea1 Rxa7 27. Rxa7 c5 28.
c4 b4 29. Bc2 Rc8 30. g4 Rc7 31. Rxc7 Qxc7 32. gxf5 Bxf5 33. Bxe4 Qe7 34. d6 Qe6
35. d7 Qxd7 36. Bd5 Qa4 37. Qxc5 Qa1+ 38. Kg2 Qxb2+ 39. Kf3 Qc3+ 40. Kf2 Qd2+
41. Kf3 Qd3+ 42. Kf2 1/2-1/2

[Event "29th Czech Open A 2018"]
[Site "Pardubice CZE"]
[Date "2018.07.26"]
[Round "7.79"]
[White "Vusatiuk, Vladimir"]
[Black "Stetsko, Lanita"]
[Result "1-0"]
[WhiteTitle "IM"]
[BlackTitle "FM"]
[WhiteElo "2321"]
[BlackElo "2200"]
[WhiteFideId "14118610"]
[BlackFideId "13505300"]
[EventDate "2018.07.20"]

1. d4 Nf6 2. c4 e6 3. Nc3 Bb4 4. e3 O-O 5. Bd3 c5 6. Ne2 b6 7. O-O d5 8. cxd5
exd5 9. a3 Bxc3 10. bxc3 Ba6 11. dxc5 bxc5 12. Bxa6 Nxa6 13. c4 dxc4 14. Qa4 Qb6
15. Qxc4 Rfd8 16. e4 Qe6 17. Qxe6 fxe6 18. f3 Rab8 19. Bg5 Rb2 20. Rf2 c4 21. e5
Rd5 22. Bc1 Rc2 23. exf6 Nc5 24. Be3 Nb3 25. Re1 gxf6 26. Nf4 Rxf2 27. Nxd5 Ra2
28. Nxf6+ Kf7 29. Ne4 1-0

[Event "29th Czech Open A 2018"]
[Site "Pardubice CZE"]
[Date "2018.07.26"]
[Round "7.80"]
[White "Galperin, Platon"]
[Black "Ralis, Petr"]
[Result "1-0"]
[WhiteElo "2320"]
[BlackElo "2199"]
[WhiteFideId "14165414"]
[BlackFideId "300870"]
[EventDate "2018.07.20"]

1. Nf3 g6 2. e4 Bg7 3. d4 d6 4. Bc4 Nf6 5. Qe2 Nc6 6. e5 dxe5 7. dxe5 Ng4 8. e6
f6 9. O-O Qd6 10. Rd1 Qb4 11. a3 Qb6 12. Nc3 O-O 13. Nd5 Qc5 14. b4 Qd6 15. Bf4
Nge5 16. Nxf6+ Bxf6 17. Rxd6 Nxf3+ 18. Qxf3 cxd6 19. Rd1 Be5 20. g3 g5 21. Qg4
Bxf4 22. gxf4 Kh8 23. Bd3 gxf4 24. Qh5 Rg8+ 25. Kh1 Rg7 26. Rg1 Bxe6 27. Rxg7
Kxg7 28. Qxh7+ Kf6 29. Qg6+ Ke5 30. Qg7+ 1-0

[Event "29th Czech Open A 2018"]
[Site "Pardubice CZE"]
[Date "2018.07.26"]
[Round "7.81"]
[White "Barp, Alberto"]
[Black "Kukelko, Alexey"]
[Result "1/2-1/2"]
[WhiteTitle "FM"]
[WhiteElo "2317"]
[BlackElo "2196"]
[WhiteFideId "872555"]
[BlackFideId "14153084"]
[EventDate "2018.07.20"]

1. d4 Nf6 2. c4 e6 3. g3 d5 4. Nf3 Be7 5. Bg2 O-O 6. O-O dxc4 7. Qa4 a6 8. Qxc4
b5 9. Qc2 Bb7 10. Bd2 Be4 11. Qc1 c6 12. Rd1 Nbd7 13. Nc3 Bg6 14. a3 Qb6 15. Be3
Nd5 16. Bg5 f6 17. Bd2 a5 18. Bh3 Bf7 19. e4 Nxc3 20. Qxc3 c5 21. Be3 b4 22.
axb4 1/2-1/2

[Event "29th Czech Open A 2018"]
[Site "Pardubice CZE"]
[Date "2018.07.26"]
[Round "7.82"]
[White "Risting, Eivind Olav"]
[Black "Sprenar, Petr"]
[Result "1/2-1/2"]
[WhiteTitle "FM"]
[WhiteElo "2317"]
[BlackElo "2192"]
[WhiteFideId "1517333"]
[BlackFideId "397164"]
[EventDate "2018.07.20"]

1. Nf3 e6 2. g3 d5 3. Bg2 Nf6 4. c4 d4 5. O-O Nc6 6. d3 Bc5 7. e3 O-O 8. exd4
Nxd4 9. Nc3 Nxf3+ 10. Qxf3 c6 11. Re1 Re8 12. h3 e5 13. Bg5 h6 14. Be3 Bd4 15.
Rac1 Be6 16. a3 Nh7 17. Kh2 Qd7 18. Bxd4 Ng5 19. Qh5 Qxd4 20. Re3 Bf5 21. Rd1
Rad8 22. Qe2 Kf8 23. h4 Nh7 24. Be4 Bxe4 25. dxe4 Qb6 26. Red3 Nf6 27. c5 Qc7
28. b4 Rxd3 29. Qxd3 Ke7 30. Kg2 Rd8 31. Qxd8+ Qxd8 32. Rxd8 Kxd8 33. Kf3 Kc7
34. Ke3 Nd7 35. Kd3 a5 36. Nd1 axb4 37. axb4 b5 38. cxb6+ Kxb6 39. Kc4 Nf6 40.
Nc3 Ng4 41. Nd1 Nf6 42. Nc3 Ng4 43. Nd1 1/2-1/2

[Event "29th Czech Open A 2018"]
[Site "Pardubice CZE"]
[Date "2018.07.26"]
[Round "7.83"]
[White "Nyysti, Sampsa"]
[Black "Eriksson, Christian Altenburg"]
[Result "1-0"]
[WhiteTitle "IM"]
[WhiteElo "2314"]
[BlackElo "2159"]
[WhiteFideId "502138"]
[BlackFideId "1412159"]
[EventDate "2018.07.20"]

1. e4 c5 2. Nf3 e6 3. d4 cxd4 4. Nxd4 Nc6 5. Nc3 Qc7 6. Qd3 Nf6 7. Ndb5 Qb8 8.
Qg3 d6 9. Be3 a6 10. Nd4 Nxd4 11. Bxd4 e5 12. Be3 Be6 13. Be2 h6 14. f4 Qc7 15.
O-O exf4 16. Bxf4 g5 17. Be3 Nd7 18. Nd5 Bxd5 19. exd5 Bg7 20. c3 Ne5 21. a4 Ng6
22. Bd3 Be5 23. Qh3 Nf4 24. Bxf4 Bxf4 25. Kh1 Qe7 26. Qh5 Kf8 27. Rae1 Be5 28.
Bg6 f6 29. Qd1 h5 30. Bxh5 Qh7 31. Rxe5 dxe5 32. Rxf6+ Kg8 33. Rg6+ Kf8 34. Qf3+
Ke8 35. Rh6+ 1-0

[Event "29th Czech Open A 2018"]
[Site "Pardubice CZE"]
[Date "2018.07.26"]
[Round "7.84"]
[White "Westerinen, Heikki M.J."]
[Black "Priyanka, Nutakki"]
[Result "0-1"]
[WhiteTitle "GM"]
[WhiteElo "2310"]
[BlackElo "2180"]
[WhiteFideId "500020"]
[BlackFideId "25049615"]
[EventDate "2018.07.20"]

1. e4 e6 2. d4 d5 3. Nd2 Nf6 4. e5 Nfd7 5. f4 c5 6. c3 Nc6 7. Ndf3 Qb6 8. g3 f6
9. Bh3 Be7 10. Ne2 cxd4 11. cxd4 O-O 12. Bxe6+ Kh8 13. exf6 Bb4+ 14. Nc3 Nxf6
15. Bxc8 Re8+ 16. Kf1 Raxc8 17. Kg2 Bxc3 18. bxc3 Na5 19. Qd3 Ne4 20. Bd2 Nc4
21. Rac1 Nexd2 22. Nxd2 Qb2 0-1

[Event "29th Czech Open A 2018"]
[Site "Pardubice CZE"]
[Date "2018.07.26"]
[Round "7.85"]
[White "Haring, Filip"]
[Black "Subramanian, Aditya"]
[Result "1-0"]
[WhiteTitle "FM"]
[WhiteElo "2310"]
[BlackElo "2124"]
[WhiteFideId "14933080"]
[BlackFideId "1718924"]
[EventDate "2018.07.20"]

1. d4 Nf6 2. c4 e6 3. Nc3 Bb4 4. e3 O-O 5. Bd3 d5 6. Ne2 c5 7. O-O cxd4 8. exd4
dxc4 9. Bxc4 b6 10. d5 Qc7 11. Qb3 Bxc3 12. Nxc3 exd5 13. Bxd5 Bb7 14. Bf4 Qd7
15. Bxb7 Qxb7 16. Rad1 Nbd7 17. Rfe1 Nc5 18. Qc2 Rad8 19. Bd6 Rfe8 20. Rxe8+
Rxe8 21. f3 Qc6 22. Bg3 Ne6 23. Qf5 Qc4 24. Qb5 Qxb5 25. Nxb5 h6 26. Be5 Rc8 27.
Nc3 Ne8 28. Kf2 Rd8 29. Rd5 f6 30. Bg3 Rxd5 31. Nxd5 b5 32. Ke3 Kf7 33. Kd3 Nc5+
34. Kd4 Nb7 35. Nc3 b4 36. Nd5 a5 37. Kc4 Ned6+ 38. Bxd6 Nxd6+ 39. Kc5 Ke6 40.
Nf4+ Kd7 41. b3 Nf5 42. Kb5 Nh4 43. Kxa5 g5 44. Nd5 f5 45. Kxb4 Nxg2 46. Kc4 Ne1
47. f4 Nf3 48. a4 Nxh2 49. a5 Nf3 50. Kc5 g4 51. Ne3 h5 52. a6 Kc8 53. Kb6 1-0

[Event "29th Czech Open A 2018"]
[Site "Pardubice CZE"]
[Date "2018.07.26"]
[Round "7.86"]
[White "Baskakov, Egor"]
[Black "Sarkar, Justin"]
[Result "1/2-1/2"]
[BlackTitle "IM"]
[WhiteElo "2203"]
[BlackElo "2307"]
[WhiteFideId "24197866"]
[BlackFideId "2010011"]
[EventDate "2018.07.20"]

1. e4 c5 2. Nf3 g6 3. d4 cxd4 4. Nxd4 Nf6 5. Nc3 d6 6. g3 Bg7 7. Bg2 Bg4 8. Nde2
Nc6 9. h3 Bxe2 10. Nxe2 O-O 11. O-O Rc8 12. c3 Nd7 13. Be3 b5 14. Qd2 Nb6 15. b3
Qd7 16. Rac1 Rfd8 17. Rfd1 e6 18. Nd4 Nxd4 19. cxd4 d5 20. e5 Rxc1 21. Rxc1 Rc8
22. Rxc8+ Nxc8 23. Qa5 f6 24. f4 fxe5 25. fxe5 Bf8 26. Bf1 b4 27. Bd2 Qe7 28.
Kg2 1/2-1/2

[Event "29th Czech Open A 2018"]
[Site "Pardubice CZE"]
[Date "2018.07.26"]
[Round "7.87"]
[White "Nun, Jiri"]
[Black "Murko, David"]
[Result "1-0"]
[WhiteTitle "IM"]
[WhiteElo "2306"]
[BlackElo "2149"]
[WhiteFideId "300179"]
[BlackFideId "14613891"]
[EventDate "2018.07.20"]

1. e4 c5 2. Nf3 d6 3. c3 Nf6 4. Be2 g6 5. O-O Bg7 6. Bb5+ Bd7 7. Bxd7+ Nbxd7 8.
Re1 O-O 9. d4 e5 10. dxe5 dxe5 11. a4 Qe7 12. Na3 h6 13. Nc4 Rfd8 14. Qc2 Rac8
15. b3 b6 16. Be3 Ne8 17. Rad1 Nb8 18. Bd2 Na6 19. h4 Nac7 20. h5 g5 21. g3 Qe6
22. Kg2 Nd6 23. Ne3 Nce8 24. c4 Nf6 25. Nd5 Nxh5 26. Bc3 Re8 27. Nh2 Nf6 28.
Nxf6+ Bxf6 29. Qe2 Bg7 30. Rd5 Rcd8 31. Red1 Nb7 32. Ng4 Rxd5 33. Rxd5 f6 34.
Qd1 Qc8 35. Ne3 Rd8 36. Nf5 Qc7 37. f4 gxf4 38. gxf4 Rxd5 39. Qxd5+ Qf7 40. fxe5
fxe5 41. Nxg7 Qxd5 42. cxd5 Kxg7 43. Bxe5+ Kf7 44. Bc3 Nd6 45. Kf3 h5 46. Be1 a6
47. e5 Nf5 48. Ke4 Nd4 49. b4 Nb3 50. e6+ Ke7 51. Ke5 1-0

[Event "29th Czech Open A 2018"]
[Site "Pardubice CZE"]
[Date "2018.07.26"]
[Round "7.89"]
[White "Gombocz, Ferenc Jr."]
[Black "Bartos, Jan"]
[Result "1/2-1/2"]
[WhiteTitle "FM"]
[BlackTitle "FM"]
[WhiteElo "2301"]
[BlackElo "2153"]
[WhiteFideId "775029"]
[BlackFideId "315060"]
[EventDate "2018.07.20"]

1. c4 e6 2. g3 d5 3. Bg2 Nf6 4. Nf3 Be7 5. O-O O-O 6. b3 b6 7. Bb2 Bb7 8. e3 c5
9. Nc3 Qc8 10. Qe2 Rd8 11. Ne5 Nc6 12. f4 d4 13. Bxc6 Bxc6 14. Nxc6 Qxc6 15. Nd1
dxe3 16. Nxe3 Qe4 17. Rad1 Rd3 18. f5 Rad8 19. Qf2 e5 20. Rfe1 Ng4 21. Nxg4 Qxg4
22. Bxe5 Bg5 23. Bc7 Rc8 24. Bf4 Qxf5 25. Qe2 h6 26. Bxg5 hxg5 27. Qe5 Qxe5 28.
Rxe5 Rcd8 29. Re7 R8d7 30. Rxd7 Rxd7 31. Kf2 f5 32. Ke3 Kf7 33. d3 Ke6 34. Rf1
g6 35. a3 a5 36. b4 axb4 37. axb4 Ke5 38. bxc5 bxc5 39. Rf2 f4+ 40. Ke2 Kf5 41.
h4 Re7+ 42. Kd2 Re3 43. gxf4 gxf4 44. Rh2 Kg4 45. Rg2+ Rg3 46. Rf2 Rg1 47. Ke2
Kf5 48. Rh2 Ra1 49. Kf3 Re1 50. Kf2 Re3 51. Rg2 Rxd3 52. Rg5+ Kf6 53. Rxc5 Rh3
54. Rc6+ Kg7 55. Rc7+ Kh6 56. Rc8 Kg7 1/2-1/2